• 首页
  • 本馆介绍
  • 公告通知
  • 最新文献
  • 馆藏检索
  • 电子资源
  • 读者导购
  • 参考咨询
  • 我的图书馆
  • 登录
  • 详细信息显示
  • 放入我的书架
  • 预约/预借图书
  • 作者相关作品
  • 分类相关作品
  • 丛书相关作品
  • 出版社相关作品

书目信息

  • 表格格式
  • 工作单格式
  • 卡片格式
题名:
白夜
    
 
作者: 陀思妥耶夫斯基 著 ;王庚年 译
分册:  
出版信息: 桂林   漓江出版社  1981
页数: 180页
开本: 18cm
丛书名:
单 册:
中图分类: I512.44 , I512.4
科图分类:
主题词: 中篇小说--苏联--近代 , 文学
电子资源:
ISBN:
000 00803nam0 2200277 45
001 0181008063
005 20060911111503.03
010    @dCNY0.51
091    @a10256.1
100    @a19950424d1981 em y0chiy0121 ea
101 1  @achi@crus
102    @aCN@b450000
105    @af z 000ay
106    @ar
200 10 @a白夜@a别人的妻子@a床下的丈夫@Abai ye@ABie Ren De Qi Zi@AChuang Xia De Zhang Fu@f(俄)陀思妥耶夫斯基著@g王庚年译
210    @a桂林@c漓江出版社@d1981
215    @a180页@c插图@d18cm
606    @a中篇小说@y苏联@z近代
606 0  @a文学
690    @aI512.44@v3
690    @aI512.4
701  1 @a陀思妥耶夫斯基@Atuo si tuo ye fu si ji@4著
702  0 @a王庚年@Awang geng nian@4译
801  0 @aCN@b上海图书馆@c20060911
801  2 @aCN@bNLC@c20040401
905    @f1@b42757@dI512.4@e361
    
    白夜;别人的妻子;床下的丈夫/(俄)陀思妥耶夫斯基著/王庚年译.-桂林:漓江出版社,1981
    180页:插图;18cm
    
    
    ISBN :CNY0.51
    
●
相关链接 在E读中查询图书 在五车中查询图书 在当当中查询图书 在豆瓣中查询图书


正题名:白夜     索取号:I512.4/361         预约/预借

序号 登录号 条形码 馆藏地/架位号 状态 备注
1 0042757   001927142   密集书库/ [索取号:I512.4/361] 在馆    
唐山师范学院图书馆 欢迎您!
大连网信软件有限公司© 版权所有